000 00585nam a22002051c 4500
001 9780801453076-nbs
008 161108s2015 gw |||| 000u eng d
041 _aeng
100 1 _aVarga-Harris, Christine
245 0 0 _aStories of house and home :
_bSoviet apartment life during the Khrushchev years /
_cChristine Varga-Harris
264 _aIthaca :
_bCornell University Press,
_c2015
300 _aXVI, 289 Seiten
648 0 _a1957-1964
650 0 _aWohnen
650 0 _aWohnungsbau
651 0 _aSowjetunion
942 _cMG
040 _cRU-10907106
003 RU-10907106
999 _c40405
_d40405